000 00338 a2200157 4500
001 192722
020 _a978-85-260-2337-6S
040 _cMagnum
100 _aBraga, Rubem
240 1 0 _aHistórias de zig
_lpor
245 1 0 _aHistórias de zig
300 _a27
362 0 _a2017
697 _aLITERATURA INFANTO-JUVENIL
942 _cBK
999 _c192722
_d192722